<The> Present and Envisaged Role of Japan in Eastern Europe with Special Regard to the Emerging Multipolar World <A> Hungarian View

Saved in:
Bibliographic Details
Main Author: Berényi, Judit
Format: Book
Language:English
Published: Tokyo Japan Institute of International Affairs 1993
Edition:1. ed.
Series:JIIA Fellowship Paper 1993/No.4
Subjects:
Tags: Add Tag
No Tags, Be the first to tag this record!

MARC

LEADER 00000nam a2200000 4500
001 c005216
005 20221206074919.4
041 0 |a eng 
044 |a JP 
245 1 0 |a <The> Present and Envisaged Role of Japan in Eastern Europe with Special Regard to the Emerging Multipolar World  |b <A> Hungarian View  |c Judit Berényi 
250 |a 1. ed. 
264 1 |a Tokyo  |b Japan Institute of International Affairs  |c 1993 
300 |a 37 s. 
490 1 |a JIIA Fellowship Paper  |v 1993/No.4 
830 0 |a JIIA Fellowship Paper  |v 1993/No.4 
610 2 0 |a politika zahraničná 
610 2 0 |a spolupráca hospodárska medzinárodná 
610 2 0 |a obchod zahraničný 
610 2 0 |a vzťahy hospodárske medzinárodné 
610 2 0 |a stratégia hospodárska 
610 2 0 |a Japonsko 
610 2 0 |a východná Európa 
100 1 |a Berényi, Judit